01523nam a2200157 a 4500008004100000020001800041041000800059100002200067245010900089250001100198260003000209300001100239500013900250505096200389655001401351170223e2013 Ag ||||| |||| 00| 0 spa d a9789876043595 aspa1 aChávez, Rodolfo aCrónicas de tierra adentro.bHistorias, hechos y personajes del Neuquén profundo /cRodolfo Chávez a1a ed. aNeuquén:bEDUCO:c2013. a154 p. aChávez, R. (2013). Crónicas de tierra adentro. Historias, hechos y personales del Neuquén profundo. (1a ed.). Neuquén : EDUCO. a"Crónicas de tierra adentro, Historias, hechos y personajes del Neuquén Profundo" es una selección de relatos breves, que aciertan en transmitir el color y la magia de la Patagonia, de sus ricos personajes, de sus paisajes desmesurados. Son historias de las que no se sale indemne, enamoran o indignan, despiertan sentimientos de adhesión o de rechazo, hacen reflexionar y tomar posición. Lejos del panfleto y de ciertos clichés periodísticos, Rodolfo Chávez cultiva el relato y en sus cuentos los personajes hablan por si mismos. Los paisajes y costumbres son apenas pinceladas, pero certeras como un balazo. Son relatos redondos que nos hacen dudar de nuestros propios sentidos: ¿Seremos suficientemente perspicaces y sensibles para apreciar la belleza que hay en los paisajes y las cosas?. Acaso el don natural de Chávez es dejarse seducir por sus personajes y sacar lo mejor de ellos, lo que quizá no sospechan que saben o que son.  aNarracion